Visualizzazione normale
Vista MARC
- pastorale-familiare
di Topical Term
Records bibliografici associati: 302
001 - CONTROL NUMBER
- control field: 56039
003 - CONTROL NUMBER IDENTIFIER
- control field: IT-RoPau
005 - DATE AND TIME OF LATEST TRANSACTION
- control field: 20161202165337.0
008 - FIXED-LENGTH DATA ELEMENTS
- fixed length control field: 161202|| aca||aabn | a|a d
040 ## - CATALOGING SOURCE
- Original cataloging agency: IT-RoPau
- Transcribing agency: IT-RoPau
150 ## - HEADING--TOPICAL TERM
- Topical term or geographic name entry element: pastorale-familiare
670 ## - SOURCE DATA FOUND
- Source citation: Work cat.: (IT-RoPau): Gentili Paolo 56038, Luci di speranze per le famiglie ferite, 2015